Schaum`s Outline of theory and Problem`s of strength of Materials (Record no. 7222)

000 -LEADER
fixed length control field 00544nam a22002057a 4500
001 - CONTROL NUMBER
control field 7222
003 - CONTROL NUMBER IDENTIFIER
control field BD-DhUET
008 - FIXED-LENGTH DATA ELEMENTS--GENERAL INFORMATION
fixed length control field 141207b xxu||||| |||| 00| 0 eng d
020 ## - INTERNATIONAL STANDARD BOOK NUMBER
International Standard Book Number 070458944
040 ## - CATALOGING SOURCE
Original cataloging agency DLC
Transcribing agency DLC
Modifying agency BD-DhUET
082 ## - DEWEY DECIMAL CLASSIFICATION NUMBER
Classification number 620.11
Item number NAS/1972
100 ## - MAIN ENTRY--PERSONAL NAME
Personal name Nash,Willam A.
245 ## - TITLE STATEMENT
Title Schaum`s Outline of theory and Problem`s of strength of Materials
250 ## - EDITION STATEMENT
Edition statement 2nd ed.
260 ## - PUBLICATION, DISTRIBUTION, ETC. (IMPRINT)
Place of publication, distribution, etc. New York
Name of publisher, distributor, etc. Mcgraw - Hill
Date of publication, distribution, etc. 1972
300 ## - PHYSICAL DESCRIPTION
Extent 396 p.
490 ## - SERIES STATEMENT
Series statement Schaum's outline series
650 #0 - SUBJECT ADDED ENTRY--TOPICAL TERM
Topical term or geographic name as entry element Strength of materials
942 ## - ADDED ENTRY ELEMENTS (KOHA)
Koha item type General Book
Holdings
Koha renewals Damaged status Source of classification or shelving scheme Lost status Koha date last borrowed Koha item type Koha full call number Piece designation (barcode) Copy number Date acquired Koha issues (times borrowed) Withdrawn status Shelving location Location (home branch) Not for loan Koha normalized classification for sorting Price effective from Koha date last seen Sublocation or collection (holding branch)
2   2018-10-27General Book620.11/NAS/19723011912014-12-071 Circulation sectionCentral Library, BUET 620_110000000000000_NAS_19722014-12-072022-09-12Central Library, BUET
    2026-05-09General Book620.11/NAS/19723489322015-01-291 Circulation sectionCentral Library, BUET 620_110000000000000_NAS_19722015-01-292026-05-11Central Library, BUET
     Reading Item620.11/NAS/19723011432015-06-15  Reading sectionCentral Library, BUET 620_110000000000000_NAS_19722015-06-152015-06-15Central Library, BUET
     Reading Item620.11/NAS/19722629542015-06-16  Reading sectionCentral Library, BUET 620_110000000000000_NAS_19722015-06-162015-06-16Central Library, BUET
     Reading Item620.11/NAS/19722629452015-06-16  Reading sectionCentral Library, BUET 620_110000000000000_NAS_19722015-06-162015-06-16Central Library, BUET
     Reading Item620.11/NAS/19723012862015-06-16  Reading sectionCentral Library, BUET 620_110000000000000_NAS_19722015-06-162015-06-16Central Library, BUET